header

Mathematical Olympiad in China (Record no. 146478)

MARC details
000 -LEADER
fixed length control field 01292nam a22003134a 4500
245 00 - TITLE STATEMENT
Title Mathematical Olympiad in China
260 ## - PUBLICATION, DISTRIBUTION, ETC. (IMPRINT)
Place of publication Shanghai :
Name of publisher East China Normal University Press ;
Place of publication Hackensack, NJ :
Name of publisher World Scientific,
Year of publication c2007.
300 ## - PHYSICAL DESCRIPTION
Number of Pages xxii, 251 p. :
Other physical details ill.
650 #0 - SUBJECT ADDED ENTRY--TOPICAL TERM
Topical Term Mathematics
Topical Term Mathematics
700 1# - ADDED ENTRY--PERSONAL NAME
Personal name Xiong, Bin.
Personal name Lee, P. Y.
856 40 - ELECTRONIC LOCATION AND ACCESS
Uniform Resource Identifier http://site.ebrary.com/lib/rucke/Doc?id=10188801

No items available.

© 2026 Rongo University
Contact us: librarian | system librarian | Rongo university